|
|
|
|
| LEADER |
00000cam a2200000 7i4500 |
| 001 |
0000002303 |
| 005 |
20030524.0 |
| 020 |
0 |
0 |
|a 1853838888
|
| 090 |
0 |
0 |
|a 333.7516
|b SEL 2002
|
| 245 |
0 |
0 |
|a SELLING forest environmental services :
|b market-based mechanisms for conservation and development
|c edited by Stefano Pagiola, Joshua Bishop, and Natasha Landell-Mills
|
| 260 |
0 |
0 |
|a London
|a Sterling, VA :
|b Earthscan Pub. ,
|c 2002
|
| 300 |
|
|
|a xix, 299 p :
|b ill. ;
|c 24 cm.
|
| 500 |
0 |
0 |
|a Includes bibliographical references
|
| 650 |
0 |
0 |
|a Forest conservation
|
| 650 |
0 |
0 |
|a Forest management
|
| 650 |
0 |
0 |
|a Forests and forestry
|x Environmental aspects
|
| 700 |
0 |
1 |
|a Bishop
|h Joshua
|
| 700 |
0 |
1 |
|a Landell-Mills
|h Natasha
|
| 700 |
0 |
1 |
|a Pagiola
|h Stefano
|
| 998 |
|
|
|a JPSM
|
| 999 |
|
|
|a 0000004327
|b Monograph
|c Open Shelf
|e Default branch
|